UM Logo

The songs of Salanda and other stories of Sulu/ (Record no. 4347)

MARC details
000 -LEADER
fixed length control field 00570nam a22001577a 4500
008 - FIXED-LENGTH DATA ELEMENTS--GENERAL INFORMATION
fixed length control field 160905b xxu||||| |||| 00| 0 eng d
020 ## - INTERNATIONAL STANDARD BOOK NUMBER
International Standard Book Number 971-550-126-5
082 ## - DEWEY DECIMAL CLASSIFICATION NUMBER
Classification number DFil 301 N61 1994
100 ## - MAIN ENTRY--PERSONAL NAME
9 (RLIN) 14124
Personal name Nimmo, H. Arlo.
245 ## - TITLE STATEMENT
Title The songs of Salanda and other stories of Sulu/
Statement of responsibility, etc. H. Arlo Nimmo.
260 ## - PUBLICATION, DISTRIBUTION, ETC. (IMPRINT)
Place of publication, distribution, etc. Quezon City:
Name of publisher, distributor, etc. Ateneo de Manila University Press,
Date of publication, distribution, etc. c1994.
300 ## - PHYSICAL DESCRIPTION
Extent x, 237 pages;
Dimensions 23 cm.
650 #0 - SUBJECT ADDED ENTRY--TOPICAL TERM
9 (RLIN) 14125
Topical term or geographic name as entry element Anthropologists
General subdivision Fiction.
Geographic subdivision Philippines
-- Sulu Archipelago
650 #0 - SUBJECT ADDED ENTRY--TOPICAL TERM
9 (RLIN) 14127
Topical term or geographic name as entry element Bajau (Southeast Asian people)
Form subdivision Fiction.
942 ## - ADDED ENTRY ELEMENTS (KOHA)
Source of classification or shelving scheme Dewey Decimal Classification
Koha item type Fiction
Holdings
Withdrawn status Lost status Source of classification or shelving scheme Damaged status Not for loan Collection code Home library Current library Date acquired Total Checkouts Full call number Barcode Date last seen Price effective from Koha item type
    Dewey Decimal Classification     Filipiniana UM Digos College - LIC UM Digos College - LIC 11/05/2003   DFil 301 N61 1994 16374 06/08/2021 09/05/2016 Filipiniana